| 000 | 00763nam a2200253 a 4500 | ||
|---|---|---|---|
| 001 | 000029085 | ||
| 003 | DO-SdBNP | ||
| 005 | 20180213112725.0 | ||
| 007 | 000029085 | ||
| 008 | 110413s1994 dr 000 p spa d | ||
| 040 |
_aBPMET _bspa _cBPMET |
||
| 092 |
_axxx _bA696p |
||
| 100 | 1 |
_aArias, Aurora _d1962- |
|
| 245 | 1 | 0 |
_aPiano lila / _cAurora Arias. |
| 260 |
_aSanto Domingo : _bEditora Búho, _c1994. |
||
| 300 |
_a33 p. : _b22 cm. |
||
| 500 | _aIncluye datos biográficos en la contracubierta | ||
| 930 | 1 |
_lBND01 _mLF1 _820110413 _f04 _pCT _g22130 |
|
| 942 |
_2ddc _cBK |
||
| 945 | _ainventariado, 2018 / dg | ||
| 956 |
_aDGARCIA _b10 _c20110413 _lBND01 _h1155 |
||
| 956 |
_aLOPEREZ _b10 _c20110414 _lBND01 _h1035 |
||
| 956 |
_aVMATEO _b10 _c20150416 _lBND01 _h00151 |
||
| 999 |
_c7659 _d7659 |
||